| 000 | 00880nam a22002417a 4500 | ||
|---|---|---|---|
| 999 |
_c11957 _d11957 |
||
| 003 | AR-CdUCM | ||
| 008 | 190405b ||||| |||| 00| 0 spa d | ||
| 020 | _a9972-9581-0-8 | ||
| 040 |
_aMUNICIPALIDAD PROVINCIAL DEL CUSCO _cBIBLIOTECA MUNICIPAL DEL CUSCO |
||
| 082 |
_a869.56 / _bZ75 |
||
| 100 |
_aZevallos Aguilar, Juan _929593 |
||
| 245 |
_aMK (1982-1984): cultura juvenil urbana de la postmodernidad periférica : _bEstudio introductorio, antología y recopilación de documentos / |
||
| 260 |
_aLima : _bOjo de Agua, _c2002. |
||
| 300 |
_a103 páginas ; _bilustraciones, _c20 cm. |
||
| 500 | _a"Kloaka 20 años después"--Cubierta. | ||
| 505 | _aContenido: Antología. | ||
| 650 |
_aLiteratura peruana _9169 |
||
| 650 |
_aSiglo XX _98 |
||
| 650 |
_aMovimientos literarios _929594 |
||
| 650 |
_aPoesía Peruana _92266 |
||
| 942 |
_2ddc _cLIBROS |
||
| 945 |
_aachl _d2019-04-05 |
||